01417nam a2200277 a 450000100100000000500170001000800410002704000250006808200130009310000290010624000480013524501860018326001180036930000210048749000550050853400590056350000750062250000350069750400360073270000430076883000620081104900090087395201170088295201230099999900170112200002468020200930023315.0110202s1972 ag r 000 0 spa d aDO-SdBNPbspacBNPHU ann*bnn*1 aKaye, Barrington.95060410aGroup work in secondary schools.lEspañol10aTrabajo de grupo en las escuelas secundarias :by la capacitación de las profesores en sus métodos /cBarrington Kaye y Irving Rogers ; traducción de Delia Nilda Arrizabalaga. aBuenos Aires :bCentro Regional de Ayuda Técnica. Agencia para el Desarrollo Internacional ;bEl Ateneo,c1972. a172 p. ;c19 cm.1 aBibliotecas Nuevas Orientaciones de la Educación a[Título original] :tGroup work in secondary schools aIncluye referencias bibliográficas y nostas al pie de las páginas. aIncluye índice alfabético. a[Bibliografía] : [147]-150 p.1 aArrizabalaga, Delia Nilda,etr.950605 0aBibliotecas Nuevas Orientaciones de la Educación950606 aBNGR 001054708MOaGRbGRcCTd2011-02-02iLF1l0onn* nn*p24680-10r2020-06-25w2020-06-25y4ZPréstamo en sala 001054728MOaGRbGRcCTd2011-02-02iLF1l0onn* nn*p24680-20r2020-06-25te. 2w2020-06-25y4ZPréstamo en sala c24173d24173